000 00388nam a2200169 4500
001 46015
090 _a46015
100 _a20260421 pory50
101 _apor
102 _aPT
200 _aO Rabi
_fNoah Gordon
_gtrad. Maria José Santos
210 _a[S.l.]
_cBertrand
_d1999
215 _a427, [2] p.
225 _aGrandes Romances
675 _a82-31
801 _aPT
_gRPC
990 _cLIVROS